| 000 | 00724cam a2200229 i 4500 | ||
|---|---|---|---|
| 999 |
_c534369 _d534369 |
||
| 003 | Nust | ||
| 005 | 20200218105442.0 | ||
| 008 | 170216b xxu||||| |||| 00| 0 eng d | ||
| 020 | _a0905035062 | ||
| 020 | _a0905035224 (pbk.) | ||
| 038 | _aMSOHAIL | ||
| 040 | _cNust- | ||
| 082 | 0 | 0 |
_a297 _bSCH |
| 100 | 1 |
_aSchuon, Frithjof, _928494 |
|
| 245 | 1 | 0 |
_aIslam and the perennial philosophy / _c[by] Frithjof Schuon ; translated [from the French MS.] by J. Peter Hobson ; preface by Seyyed Hossein Nasr. |
| 260 |
_a[London] : _bWorld of Islam Festival Publishing Company Ltd, _c1976. |
||
| 300 |
_axii, 217 p. ; _c23 cm. |
||
| 500 | _aIncludes index. | ||
| 650 | 0 |
_aSufism. _96129 |
|
| 650 | 0 |
_aMCE _9379 |
|
| 942 |
_cBK _2ddc |
||